Gli effetti del contratto nei confronti dei terzi nella prospettiva storico-comparatistica
Uloženo v:
| Hlavní autor: | |
|---|---|
| Médium: | Kniha |
| Jazyk: | němčina francouzština španělština angličtina italština |
| Vydáno: |
Turín
G. Giappichelli
2001
|
| Témata: | |
| Tagy: |
Přidat tag
Žádné tagy, Buďte první, kdo vytvoří štítek k tomuto záznamu!
|
MARC
| LEADER | 00000nam a2200000 a 4500 | ||
|---|---|---|---|
| 001 | UCL4962 | ||
| 003 | CL-VaPUC | ||
| 005 | 20210608001415.0 | ||
| 008 | 040227e20010000it 1 ger d | ||
| 020 | |a 8834810791 | ||
| 041 | 0 | 7 | |a ger |2 CL-VaPUC |
| 041 | 0 | 7 | |a fre |2 CL-VaPUC |
| 041 | 0 | 7 | |a spa |2 CL-VaPUC |
| 041 | 0 | 7 | |a eng |2 CL-VaPUC |
| 041 | 0 | 7 | |a ita |2 CL-VaPUC |
| 082 | 0 | 4 | |a 346.02 |b VAC |2 21 |
| 100 | 1 | |a Vacca, Letizia |e author |9 620510 | |
| 245 | 1 | 0 | |a Gli effetti del contratto nei confronti dei terzi nella prospettiva storico-comparatistica |
| 246 | 1 | 0 | |a IV congresso internazionale Aristec |
| 260 | |a Turín |b G. Giappichelli |c 2001 | ||
| 300 | |a 347 p | ||
| 583 | |a last modification |c 20040227 00:00:00 |k Rodrigo Vera | ||
| 650 | 0 | 0 | |a Contratos |9 255153 |
| 650 | 0 | 0 | |a Historia del derecho |9 255109 |
| 650 | 0 | 0 | |a Responsabilidad contractual |9 256720 |
| 942 | |c BK | ||
| 945 | |a cmena |d 20040227 00:00:00 | ||
| 546 | |a En Alemán | ||
| 546 | |a En Francés | ||
| 546 | |a En Español | ||
| 546 | |a En Inglés | ||
| 546 | |a En Italiano | ||
| 536 | |a Comitato Scientifico-Organizzatore | ||
| 518 | |p Congresso Internazionale ARISTEC, 4, Roma, 13-16 settembre 1999 | ||
| 999 | |c 383987 |d 383985 | ||
| 952 | |0 0 |1 0 |4 0 |6 346_020000000000000_VAC_2001 |7 0 |8 DER_HIS |9 506339 |a BIBDER |b BIBDER |d 2020-01-23 |i 3985172 |o 346.02 VAC 2001 |p 3985172 |r 2023-01-25 |w 2020-01-23 |x Ubicación 4to Piso |y BK |z Estos recursos deben solicitarse con anticipación |k DER | ||